000
00310nam a2200121Ia 4500
008
191201s2018 xx 000 0 und d
100
_a
STALLINGS, William
245
0
_a
Computer organization and Architecture
260
_b
Cengage Learning
_c
2018
300
_a
856
650
_a
B.Tech(CSE)
942
_2
ddc
_c
BK
_0
2
999
_c
6969
_d
6969